000 00405cam a2200181ua 4500
001 9089
008 150220n ii |||gr||||Z||||||eng
040 _cMAIN
041 _aeng
082 _a823S
100 _aMaurier, D. D.,
_eAuthor.
245 1 _aRebecca
_cBy D. D. Maurier
250 _a1st.
260 _aNew Delhi:
_bS. Chand,
_c1965.
300 _a135p.
653 _aEnglish fiction
942 _cBK
999 _c8173
_d8173